Elements of point set topology
Αποθηκεύτηκε σε:
| Κύριος συγγραφέας: | |
|---|---|
| Μορφή: | Βιβλίο |
| Γλώσσα: | English |
| Δημοσίευση: |
New York :
Dover Publications,
1991
|
| Θέματα: | |
| Ετικέτες: |
Προσθήκη ετικέτας
Δεν υπάρχουν, Καταχωρήστε ετικέτα πρώτοι!
|
MARC
| LEADER | 00000nam a2200000 i 4500 | ||
|---|---|---|---|
| 001 | 1/90046 | ||
| 008 | 990917s1991 eng d | ||
| 020 | |a 0-486-66826-6 | ||
| 035 | |l 10052953 | ||
| 040 | |a GR-MY-UA |b gre |e aacr | ||
| 041 | 0 | |a eng | |
| 082 | 0 | |a 514 | |
| 100 | 1 | |a Baum, John D. | |
| 245 | 1 | 0 | |a Elements of point set topology / |c John D. Baum |
| 260 | |a New York : |b Dover Publications, |c 1991 | ||
| 300 | |a x,150 p.; |b ill.; |c 22 cm. | ||
| 504 | |a Includes bibliographical references (P. 145-146)and index. | ||
| 650 | 0 | 0 | |a Topology. |
| 852 | |a INST |b SAMOS |e 19990917 |h 514 BAU |p 005300015047 |q 005300015047 |t BK |y 0 | ||
| 901 | |a BIBL3-1999-3 | ||
| 909 | |a Σ |b 067084 | ||
| 922 | |a 3ΕΛΗ |b 199907 |c ΚΠΣ |d GLORY | ||
| 950 | |a 116-1998-08-10 | ||
| 970 | |a ΚΟΣΙΕΡΗΣ |b ΧΡΗΣΤΟΣ |z 1999/09/17 | ||